00293nam a2200109Ia 4500008004100000041000800041082002400049100001900073245003000092260005200122300000900174230411s9999 xx 000 0 und d aeng aF/610.73/WOL/B03884 aWolgin Francie aBeing A Nursing Assistant bAmerican Hospital AssociationaNew Jerseyc2005 a751p